Microbial toxins: A comprehensive treatise. V 5. Bacterial endotoxins (Record no. 28599)

MARC details
000 -LEADER
fixed length control field 00316nam a2200109Ia 4500
082 ## - DEWEY DECIMAL CLASSIFICATION NUMBER
Classification number 615.9
Item number MIC.5
245 #0 - TITLE STATEMENT
Title Microbial toxins: A comprehensive treatise. V 5. Bacterial endotoxins
260 ## - PUBLICATION, DISTRIBUTION, ETC. (IMPRINT)
Place of publication New York
Name of publisher Academic
Year of publication 1971
650 ## - SUBJECT ADDED ENTRY--TOPICAL TERM
Topical Term Microbial toxins
942 ## - ADDED ENTRY ELEMENTS (KOHA)
Koha item type Books
Holdings
Withdrawn status Lost status Damaged status Not for loan Home library Current library Date acquired Cost, normal purchase price Full call number Accession Number Koha item type
        RRII Library RRII Library 16/12/2021 47.50 615.9 MIC.5 09198 Books